Sala de togas: (Record no. 196582)
[ view plain ]
| 000 -LEADER | |
|---|---|
| campo de control de longitud fija | 01802nas a2200493 i 4500 |
| 001 - NÚMERO DE CONTROL | |
| campo de control | 196582 |
| 003 - IDENTIFICADOR DE NÚMERO DE CONTROL | |
| campo de control | ES-MaACL |
| 005 - FECHA Y HORA DE LA ÚLTIMA TRANSACCIÓN | |
| campo de control | 20250809020505.0 |
| 006 - CÓDIGOS DE INFORMACIÓN DE LONGITUD FIJA--CARACTERÍSTICAS DEL MATERIAL ADICIONAL | |
| campo de control de longitud fija | m g d | |
| 007 - CAMPO FIJO DE DESCRIPCIÓN FÍSICA--INFORMACIÓN GENERAL | |
| campo de control de longitud fija | cr*||||||||||| |
| 008 - DATOS DE LONGITUD FIJA--INFORMACIÓN GENERAL | |
| campo de control de longitud fija | 241007c19889999sp fr ps 0 b0spa |
| 010 ## - NÚMERO DE CONTROL DE LA BIBLIOTECA DEL CONGRESO | |
| Número de control de LC | c |
| Número de control de NUCMC | 1 |
| 022 0# - NÚMERO INTERNACIONAL NORMALIZADO PARA PUBLICACIONES SERIADAS | |
| Número Internacional Normalizado para Publicaciones Seriadas | 2952-5764 |
| Fuente | _u |
| 035 ## - NÚMERO DE CONTROL DEL SISTEMA | |
| Número de control de sistema | (SpMaBN)a7248314 |
| 035 ## - NÚMERO DE CONTROL DEL SISTEMA | |
| Número de control de sistema | 991047781969708606 |
| 040 ## - FUENTE DE CATALOGACIÓN | |
| Centro catalogador/agencia de origen | SpMaBN |
| Lengua de catalogación | spa |
| Centro/agencia transcriptor | SpMaBN |
| Normas de descripción | rdc |
| Centro/agencia modificador | ES-MaACL |
| 080 ## - NÚMERO DE LA CLASIFICACIÓN DECIMAL UNIVERSAL | |
| Número de la Clasificación Decimal Universal | 34(460) |
| 080 ## - NÚMERO DE LA CLASIFICACIÓN DECIMAL UNIVERSAL | |
| Número de la Clasificación Decimal Universal | 347.965(460) |
| 080 ## - NÚMERO DE LA CLASIFICACIÓN DECIMAL UNIVERSAL | |
| Número de la Clasificación Decimal Universal | 35 |
| 130 0# - ENTRADA PRINCIPAL--TÍTULO UNIFORME | |
| Título uniforme | Sala de togas (Almería. Internet) |
| 9 (RLIN) | 239090 |
| 210 0# - TÍTULO ABREVIADO | |
| Título abreviado | Sala de togas |
| Información calificativa | Almería, Internet |
| 222 #0 - TÍTULO CLAVE | |
| Título clave | Sala de togas |
| Información calificativa | Almería. Internet |
| 245 10 - MENCIÓN DEL TÍTULO | |
| Título | Sala de togas: |
| Resto del título | boletín informativo del Ilustre Colegio de Abogados de Almería |
| 260 ## - PUBLICACIÓN, DISTRIBUCIÓN, ETC. | |
| Lugar de publicación, distribución, etc. | Almería : |
| Nombre del editor, distribuidor, etc. | Ilustre Colegio de Abogados de Almería, |
| Fecha de publicación, distribución, etc. | 1988- |
| 310 ## - PERIODICIDAD ACTUAL | |
| Periodicidad actual | Semestral |
| 336 ## - TIPO DE CONTENIDO | |
| Término de tipo de contenido | Texto (visual) |
| Fuente | isbdcontent |
| 337 ## - TIPO DE MEDIO | |
| Nombre/término del tipo de medio | electrónico |
| Fuente | isbdmedia |
| 338 ## - TIPO DE SOPORTE | |
| Fuente | rdacarrier |
| Nombre/término del tipo de soporte | volumen |
| 362 ## - FECHAS DE PUBLICACIÓN Y/O DESIGNACIÓN SECUENCIAL | |
| Fecha de publicación y/o designación secuencial | N. 1 (oct. 1988)- |
| 500 ## - NOTA GENERAL | |
| Nota general | Última consulta, 7 de octubre de 2024 |
| 500 ## - NOTA GENERAL | |
| Nota general | Variaciones en el subtítulo |
| 588 1# - NOTA DE FUENTE DE LA DESCRIPCIÓN | |
| Nota de fuente de la descripción | Descripción basada en: n. 88 (dic. 2023) |
| 594 ## - Nota al título y mención de responsabilidad | |
| Nota al título y mención de responsabilidad | Título tomado de la cubierta del PDF (consultado el 29 de marzo de 2023) |
| 650 #7 - PUNTO DE ACCESO ADICIONAL DE MATERIA--TÉRMINO DE MATERIA | |
| Término de materia o nombre geográfico como elemento de entrada | Derecho- |
| Subdivisión geográfica | España |
| Fuente del encabezamiento o término | |
| 9 (RLIN) | 141531 |
| 650 #4 - PUNTO DE ACCESO ADICIONAL DE MATERIA--TÉRMINO DE MATERIA | |
| Término de materia o nombre geográfico como elemento de entrada | Abogados- |
| Subdivisión geográfica | España |
| Fuente del encabezamiento o término | embne |
| 9 (RLIN) | 9565 |
| 655 #0 - TERMINO DE INDIZACIÓN--GENERO/FORMA | |
| Datos o término principal de género/forma | Páginas Web |
| Fuente del término | tgfbne |
| 9 (RLIN) | 226719 |
| 655 #0 - TERMINO DE INDIZACIÓN--GENERO/FORMA | |
| Datos o término principal de género/forma | Revistas electrónicas |
| Fuente del término | tgfbne |
| 9 (RLIN) | 226718 |
| 710 ## - ENTRADA AGREGADA--NOMBRE DE ENTIDAD CORPORATIVA | |
| Nombre de entidad corporativa o nombre de jurisdicción como elemento de entrada | Colegio de Abogados de Almería |
| Número de control del registro de autoridad o número normalizado | (isni)0000000512460001 |
| 9 (RLIN) | 239089 |
| 776 08 - ENTRADA DE FORMULARIO FÍSICO ADICIONAL | |
| Información de relación | Versión impresa |
| Título | Sala de togas = |
| Número Internacional Normalizado para Publicaciones Seriadas | ISSN 2386-9534 |
| biblionumber | 196581 |
| Número de control del registro | 196581 |
| 856 40 - LOCALIZACIÓN Y ACCESO ELECTRÓNICOS | |
| Identificador Uniforme de Recursos | <a href="https://sdt.icaalmeria.es/">https://sdt.icaalmeria.es/</a> |
| Texto de enlace | Acceso electrónico |
| 942 ## - ELEMENTOS DE ENTRADA SECUNDARIOS (KOHA) | |
| Fuente del sistema de clasificación o colocación | Clasificación decimal universal |
| Suprimir en OPAC | No |
| Tipo de ítem Koha | Revista electrónica |
| 955 ## - CATALOGADOR - EDICIÓN | |
| Nombre de catalogador | Pilar Fernández Vera |
No items available.
